[Event "1. Bamberg-Open 2018"]
[Site "Bamberg"]
[Date "2018.05.10"]
[Round "2"]
[White "Goldbeck, Lars"]
[Black "Gebhardt, Christian"]
[Result "1-0"]
[WhiteElo "2247"]
[BlackElo "1899"]
[Annotator "NA"]
[PlyCount "81"]
[EventDate "2018.??.??"]
[EventType "swiss"]
[EventCountry "GER"]
[SourceTitle "playchess.com"]
[Source "ChessBase"]
[SourceQuality "1"]
[TimeControl "40/5400+30:900+30"]

{[%evp 11,57,17,13,-37,14,29,29,-30,27,-10,23,4,29,0,33,0,0,0,0,-9,0,0,32767,32767,0,22,173,106,107,116,32767,32767,32767,169,154,183,226,44,225,226,246,236,252,252,271,281,251,285]} 1. d4 {[%emt 0:00:00]} Nf6 {[%emt 0:00:32]} 2. Nf3 {[%emt 0:00:00]} d5 {[%emt 0:01:02]} 3. Bf4 {[%emt 0:00:36]} c5 {[%emt 0:00:48]} 4. e3 {[%emt 0:00:01]} Nc6 {[%emt 0:00:36]} 5. Nc3 {[%emt 0:00:56]} a6 {[%emt 0:14:37] D02: 1 d4 d5 2 Nf3 sidelines, including 2...Nf6 3 g3 and 2...Nf6 3 Bf4} (5... Bg4 6. Be2 e6 7. O-O Bxf3 8. Bxf3 cxd4 9. exd4 Bd6 10. Be3 a6 11. Ne2 Qc7 12. g3 O-O 13. Nc1 b5 14. Nd3 b4 15. Kg2 Rfc8 16. Qe2 Qb6 17. Rfc1 {½-½ (115) Kovalev,V (2641)-Onischuk,A (2685) Khanty-Mansiysk 2017}) 6. Ne5 {[%emt 0:08:49]} e6 {[%emt 0:04:39] LiveBook: 4 Games} 7. Bd3 {[%emt 0:08:23]} c4 $146 {[%emt 0:06:28]} (7... Nxe5 $15 8. dxe5 Nd7) ({Predecessor:} 7... cxd4 8. Nxc6 bxc6 9. exd4 Qb6 10. Be5 Nd7 11. Rb1 Nxe5 12. dxe5 {0-1 (45) Spivak,I (2346)-Meissner,F (2238) Germany 2014}) 8. Be2 {[%emt 0:00:37]} Bb4 {[%emt 0:00:16]} (8... Bd7 $5) 9. O-O {[%emt 0:07:23]} Bxc3 {[%emt 0:09:00]} 10. bxc3 {[%emt 0:00:03]} Ne4 {[%emt 0:00:13]} 11. Qe1 {[%emt 0:07:09]} Qa5 {[%emt 0:08:08]} 12. Bh5 {[%emt 0:02:12]} O-O {[%emt 0:05:14]} 13. f3 {[%emt 0:04:03]} Nf6 $1 {[%emt 0:05:33]} 14. Bg4 {[%emt 0:00:39]} Nxe5 {[%emt 0:01:07]} 15. Bxe5 {[%emt 0:00:05]} Nxg4 {[%emt 0:00:11]} 16. fxg4 {[%emt 0:00:02]} f6 {[%emt 0:01:35]} 17. Bd6 {[%emt 0:00:52]} Rf7 {[%emt 0:01:48]} 18. g5 {[%emt 0:07:52]} Bd7 $2 {[%emt 0:03:05] [#]} (18... f5 $11 {and Black is okay.}) 19. gxf6 $1 {[%emt 0:01:06]} gxf6 {[%emt 0:03:10] [#]} 20. Rf3 {[%emt 0:06:22]} (20. Rf4 $1 $18) 20... Be8 {[%emt 0:04:39]} 21. h3 {[%emt 0:02:24]} Rd8 {[%emt 0:03:40]} 22. Bb4 {[%emt 0:05:45]} (22. Qh4 $142 Kh8 23. Bb4) 22... Qc7 {[%emt 0:01:18]} 23. Qh4 {[%emt 0:01:08]} f5 {[%emt 0:01:25]} 24. Qh6 $2 {[%emt 0:04:50]} ({White must play} 24. Rg3+ $18 Kh8 25. Rg6) 24... Bd7 $2 {[%emt 0:03:58] [#]} (24... Ba4 $14) 25. Bd6 $1 {[%emt 0:00:25]} Qxd6 {[%emt 0:01:30]} 26. Qg5+ {[%emt 0:00:11]} Kh8 {[%emt 0:01:04]} 27. Qxd8+ {[%emt 0:00:04]} Rf8 {[%emt 0:00:09]} 28. Qg5 {[%emt 0:00:20]} Ba4 {[%emt 0:02:04]} 29. Rg3 $18 {[%emt 0:00:55]} Qc7 {[%emt 0:00:56]} 30. Rb1 {[%emt 0:05:10]} b5 {[%emt 0:03:16]} 31. Rc1 {[%emt 0:01:06]} Qf7 {[%emt 0:00:11]} 32. Qf4 {[%emt 0:01:21]} Qf6 {[%emt 0:01:23]} 33. Kf2 {[%emt 0:00:41]} h6 {[%emt 0:01:08]} 34. Ke2 {[%emt 0:01:48]} Kh7 {[%emt 0:00:13]} 35. Kd2 {[%emt 0:00:31]} Rf7 {[%emt 0:00:58]} 36. h4 {[%emt 0:01:52]} Rg7 {[%emt 0:01:03]} 37. Rf1 {[%emt 0:00:31]} Rxg3 {[%emt 0:02:14]} 38. Qxg3 {[%emt 0:01:42]} Qe7 {[%emt 0:02:53]} 39. h5 {[%emt 0:00:58]} Qg5 {[%emt 0:01:16]} 40. Rf3 {[%emt 0:00:22]} Kg7 {[%emt 0:15:55]} 41. Qe5+ {[%emt 0:15:21]} 1-0

[Event "1. Bamberg-Open 2018"]
[Site "Bamberg"]
[Date "2018.05.10"]
[Round "2"]
[White "Hovsepyan, Vardan"]
[Black "Achatz, Michael"]
[Result "1-0"]
[WhiteElo "2244"]
[BlackElo "1858"]
[Annotator "NA"]
[PlyCount "107"]
[EventDate "2018.??.??"]
[EventType "swiss"]
[EventCountry "GER"]
[SourceTitle "playchess.com"]
[Source "ChessBase"]
[SourceQuality "1"]
[TimeControl "40/5400+30:900+30"]

{[%evp 10,91,54,32767,32767,32767,32767,32767,32767,32767,32767,32767,32767,23,52,45,52,42,71,57,63,50,56,50,37,39,41,54,67,62,84,38,102,114,124,89,99,160,213,199,217,98,32767,136,113,100,131,75,110,116,139,138,139,149,168,159,32767,32767,32767,32767,32767,32767,32767,32767,32767,32767,32767,32767,32767,32767,32767,32767,32767,32767,32767,32767,32767,32767,32767,32767,32767,402,354,406]} 1. e4 {[%emt 0:00:00]} e5 {[%emt 0:00:13]} 2. Nf3 {[%emt 0:00:00]} Nf6 {[%emt 0:00:22]} 3. Nc3 {[%emt 0:00:12]} Bb4 {[%emt 0:00:27]} 4. Nxe5 {[%emt 0:00:47]} Qe7 {[%emt 0:02:19]} 5. Nd3 {[%emt 0:02:01]} Bxc3 {[%emt 0:03:12] LiveBook: 23 Games} 6. dxc3 {[%emt 0:00:08]} Qxe4+ {[%emt 0:01:19]} 7. Qe2 {[%emt 0:00:27]} O-O {[%emt 0:02:31] C42: Petroff Defence: 3 Nxe5 and unusual White 3rd moves} 8. Qxe4 {[%emt 0:01:19]} Nxe4 {[%emt 0:00:08]} 9. Bf4 {[%emt 0:00:23]} d6 {[%emt 0:01:32]} 10. f3 {[%emt 0:01:32]} Nf6 {[%emt 0:01:18]} 11. O-O-O $146 {[%emt 0:00:55]} ({Predecessor:} 11. Kf2 Nc6 12. Be2 Be6 13. Bd2 Rfe8 14. g4 Ne5 15. b3 {½-½ (44) Adams,P-Mannion,S (2350) Oban 2000}) 11... Nc6 {[%emt 0:04:54]} 12. Bg5 {[%emt 0:04:54]} Nd7 {[%emt 0:03:58]} 13. Bh4 {[%emt 0:06:25]} Nb6 {[%emt 0:04:38]} 14. Nf4 {[%emt 0:01:53]} Bd7 {[%emt 0:07:32]} 15. b3 {[%emt 0:02:20]} Ne5 {[%emt 0:05:34]} 16. c4 {[%emt 0:04:08]} Ng6 {[%emt 0:05:07]} 17. Nxg6 {[%emt 0:01:05]} hxg6 {[%emt 0:00:41]} 18. Bg3 {[%emt 0:06:05]} Rac8 {[%emt 0:05:01]} 19. h4 {[%emt 0:04:05]} Rfe8 {[%emt 0:05:18]} 20. Bf4 {[%emt 0:05:39]} f5 {[%emt 0:05:24]} 21. Bd3 {[%emt 0:03:38]} Kf7 {[%emt 0:04:12]} 22. a4 {[%emt 0:01:32]} Bc6 {[%emt 0:03:01]} 23. h5 {[%emt 0:00:58]} Nd7 {[%emt 0:04:08]} (23... Rh8 $16) 24. hxg6+ {[%emt 0:01:35]} Kxg6 {[%emt 0:00:29] [#]} 25. g4 {[%emt 0:00:25]} (25. Rh5 $1 $18 {is the precise move to win.}) 25... Kf6 {[%emt 0:06:30]} 26. Bxf5 {[%emt 0:01:56]} Rcd8 {[%emt 0:01:17]} 27. Rdf1 {[%emt 0:10:57]} ({White should try} 27. Rh5 $18) 27... Ne5 {[%emt 0:00:50]} 28. Bxe5+ {[%emt 0:01:53]} Rxe5 {[%emt 0:00:35]} 29. Rh2 {[%emt 0:00:38]} Rde8 {[%emt 0:04:11]} 30. Kd2 {[%emt 0:00:48]} d5 {[%emt 0:04:46]} 31. f4 {[%emt 0:01:21]} Re3 {[%emt 0:02:03]} 32. Bd3 {[%emt 0:00:47]} Rg3 {[%emt 0:03:52]} 33. g5+ {[%emt 0:03:36]} Kf7 {[%emt 0:00:02]} 34. Re2 {[%emt 0:02:28]} Rxe2+ {[%emt 0:01:44]} 35. Kxe2 {[%emt 0:00:07]} d4 {[%emt 0:00:26]} 36. a5 {[%emt 0:01:12]} Rg2+ {[%emt 0:01:42]} 37. Rf2 {[%emt 0:00:25]} Rg1 {[%emt 0:00:45]} 38. Rh2 {[%emt 0:01:08]} Bd7 {[%emt 0:03:42]} 39. Kf2 {[%emt 0:02:32]} Ra1 {[%emt 0:00:35]} 40. g6+ {[%emt 0:00:09]} Kg8 {[%emt 0:18:09]} 41. Rh5 {[%emt 0:15:22]} c6 {[%emt 0:00:00]} 42. Re5 {[%emt 0:00:00]} Kf8 {[%emt 0:00:00]} 43. Kf3 {[%emt 0:00:00]} Rg1 {[%emt 0:00:00]} 44. f5 {[%emt 0:00:00]} b6 {[%emt 0:00:00]} 45. axb6 {[%emt 0:02:30]} axb6 {[%emt 0:00:00]} 46. c5 $18 {[%emt 0:00:14]} b5 {[%emt 0:00:00]} 47. Re4 {[%emt 0:01:38]} Rg5 {[%emt 0:00:00]} 48. Rxd4 {[%emt 0:00:09]} Ke7 {[%emt 0:00:00]} 49. Kf4 {[%emt 0:00:20]} Rg2 {[%emt 0:00:00]} 50. Ke5 {[%emt 0:02:12]} Rf2 {[%emt 0:00:00]} 51. Rh4 {[%emt 0:00:40]} Rf3 {[%emt 0:00:00]} 52. Rh7 {[%emt 0:00:12]} Kf8 {[%emt 0:00:00]} 53. Rh8+ {[%emt 0:00:04]} Ke7 {[%emt 0:00:00]} 54. Rg8 {[%emt 0:00:04]} 1-0

[Event "1. Bamberg-Open 2018"]
[Site "Bamberg"]
[Date "2018.05.10"]
[Round "2"]
[White "Riemer, Ralf"]
[Black "Chatalbashev, Boris"]
[Result "0-1"]
[WhiteElo "2171"]
[BlackElo "2561"]
[Annotator "TA"]
[PlyCount "30"]
[EventDate "2018.??.??"]
[EventType "swiss"]
[EventCountry "GER"]
[SourceTitle "playchess.com"]
[Source "ChessBase"]
[SourceQuality "1"]

{[%evp 12,30,-27,-32,-14,-87,-88,-133,-104,-258,-244,-270,-225,-348,-362,-362,-359,-466,-436,-1877,-1848]} 1. Nf3 d5 2. c4 d4 3. e3 Nc6 4. b4 dxe3 5. fxe3 Nxb4 6. d4 {A09: Réti Opening: 1 Nf3 d5 2 c4} e6 7. Nc3 {LiveBook: 4 Games} Nf6 8. e4 $146 {[#]} (8. a3 $11 {remains equal.} Nc6 9. e4) ({Predecessor:} 8. a3 Nc6 9. Bd3 g6 10. O-O Bg7 11. Bb2 O-O 12. Qe2 {1-0 (37) Fressinet,L (2693)-Istratescu,A (2628) Le Port Marly 2012}) 8... e5 $1 $17 {[%cal Re5d4][%mdl 512] Threatens to win with ...exd4.} 9. d5 (9. dxe5 Qxd1+) 9... Na6 10. Nxe5 $2 (10. Bd3 $17) 10... Bb4 $1 $19 {[%csl LRc3,LRe4]} 11. Bd2 O-O 12. Nd3 (12. Bd3 $142 Nc5 13. Qb1 Nxd3+ 14. Qxd3) 12... Bxc3 13. Bxc3 Nxe4 14. Bd4 c5 15. Bf2 (15. Be3 $142 Re8 16. Be2) 15... Qa5+ 0-1

[Event "1. Bamberg-Open 2018"]
[Site "Bamberg"]
[Date "2018.05.10"]
[Round "2"]
[White "Neubauer, Bernd"]
[Black "Kunin, Vitaly"]
[Result "0-1"]
[WhiteElo "2167"]
[BlackElo "2545"]
[Annotator "TA"]
[PlyCount "106"]
[EventDate "2018.??.??"]
[EventType "swiss"]
[EventCountry "GER"]
[SourceTitle "playchess.com"]
[Source "ChessBase"]
[SourceQuality "1"]

{[%evp 16,106,70,53,59,32,19,27,58,47,97,65,81,23,11,16,33,0,0,-1,7,8,18,0,31,27,34,23,61,61,72,72,83,63,63,71,85,48,68,0,73,74,102,81,94,65,165,0,21,33,37,25,44,0,24,0,-12,-74,-70,-117,-124,-136,-129,-131,-121,-197,-127,-317,-324,-322,-320,-331,-328,-925,-843,-6087,-710,-6087,-6083,-5258,-5226,-5073,-5065,-29981,-29982,-29995,-29996,-29996,-29997,-29997,-29998,-29998,-29999]} 1. d4 d6 2. c4 e5 3. d5 a5 (3... Be7 4. Nc3 a5 5. Nf3 Na6 6. e4 Nf6 7. Bd3 O-O 8. O-O Ne8 9. a3 Bg4 10. Rb1 c5 11. Be2 Bxf3 12. Bxf3 {0-1 (43) Heberla,B (2580)-Moranda,W (2595) Poland 2017}) 4. e4 Na6 5. Bd3 Nc5 6. Bc2 $146 {A41: 1 d4 d6: Tartakower System and Modern Defence} ({Predecessor:} 6. Nc3 Be7 7. b3 Nf6 8. Bc2 O-O 9. a3 c6 10. Rb1 cxd5 11. exd5 {1-0 (40) Karttunen,M (2381)-Kantsler,B (2472) Rethymno 2003}) 6... Be7 7. Nf3 Nf6 8. Nc3 O-O 9. h3 {LiveBook: 5 Games} Ne8 10. g4 c6 11. Be3 Qb6 12. b3 Bd7 13. Qd2 Qc7 14. a4 ({White should play} 14. Rd1 $16) 14... Qb6 $11 15. Rb1 Nc7 {[%cal Be8c7,Bc7a6,Ba6b4][%mdl 32]} 16. O-O (16. Nxe5 $5 dxe5 17. d6 $14) 16... N7a6 17. Ne1 Nb4 18. Nd3 Nbxd3 19. Bxd3 Qc7 20. Bc2 Na6 21. Rbc1 Kh8 22. f4 exf4 23. Bxf4 Rae8 24. Rcd1 Qb6+ 25. Kg2 Nc5 26. dxc6 Bxc6 27. Nd5 (27. Qe3 $14) 27... Bxd5 (27... Qd8 $1 $11 {remains equal.}) 28. Qxd5 $16 Ne6 29. Bd2 Ra8 30. Bc3 Bg5 (30... Qe3 $14 31. Qd2 Qxd2+ 32. Rxd2 Kg8) 31. Bd2 $2 {[#]} (31. Qf5 $18 {Strongly threatening e5.} Bh4 32. e5) 31... Bxd2 32. Qxd2 Rad8 33. Rf5 Nc5 $1 34. Rd5 Nxb3 35. Bxb3 Qxb3 36. c5 {[#]} (36. Qd3 $11 Qxa4 37. c5) 36... Rc8 $1 $17 {[%cal Rc8c5]} ({Don't play} 36... Qxa4 37. Rd4 $11) 37. Rxd6 Qxa4 38. Qd5 Qc2+ 39. Rd2 Qxc5 40. Qxb7 (40. Qxc5 $17 {is a better defense.} Rxc5 41. Rd7) 40... h6 ({Better is} 40... Qe3 $19 41. R6d3 Qe1 42. Qxc8 Qxe4+ 43. Kg3 Qxd3+ 44. Rxd3 Rxc8) 41. R6d5 $2 (41. Qb6 $17 {keeps fighting.}) 41... Qe3 $19 42. R5d3 Qe1 43. Rf2 Rc1 44. Qd5 $2 (44. Kg3) 44... Rfc8 45. Qxf7 Qg1+ 46. Kf3 R1c3 47. Re3 Rxe3+ 48. Kxe3 {[%mdl 4096] Endgame KQR-KQR} Qg3+ 49. Rf3 Rc3+ {Black mates.} 50. Ke2 Qg2+ 51. Rf2 Qxe4+ 52. Kd1 Qb1+ 53. Ke2 Qd3+ {Precision: White = 37%, Black = 56%.} 0-1

[Event "1. Bamberg-Open 2018"]
[Site "Bamberg"]
[Date "2018.05.10"]
[Round "2"]
[White "Dettmann, Gerd"]
[Black "Noe, Christopher"]
[Result "0-1"]
[WhiteElo "2163"]
[BlackElo "2518"]
[Annotator "TA"]
[PlyCount "122"]
[EventDate "2018.??.??"]
[EventType "swiss"]
[EventCountry "GER"]
[SourceTitle "playchess.com"]
[Source "ChessBase"]
[SourceQuality "1"]

{[%evp 20,122,16,8,20,0,20,0,0,0,10,9,37,9,23,0,0,0,0,0,0,0,0,-5,-9,-8,0,-15,0,0,0,0,13,13,31,27,13,-8,-9,-7,0,-19,0,-8,-5,-25,0,0,0,-5,-12,-33,0,0,0,-25,-27,-37,-53,-47,0,-2,0,0,0,-7,-18,-21,0,-2,-4,-6,0,-3,0,0,0,-22,-29,-84,-97,-210,-226,-195,-203,-402,-414,-417,0,-204,0,-405,-419,-489,-489,-477,-466,-745,-656,-885,-877,-655,-858,-731,-567]} 1. e4 e5 2. Nf3 Nc6 3. Bb5 a6 4. Ba4 d6 5. c3 Nf6 6. d3 g6 7. O-O Bg7 8. Nbd2 {[%cal Bb1d2,Bd2f1,Bf1g3][%mdl 32]} O-O 9. Re1 h6 {C77: Ruy Lopez: 3...a6 4 Ba4 Nf6, unusual lines} 10. Nf1 b5 11. Bb3 {LiveBook: 6 Games} d5 {The position is equal.} 12. Ng3 $146 ({Predecessor:} 12. exd5 Nxd5 13. Ng3 Be6 14. Ne4 f5 15. Nc5 Bf7 16. c4 bxc4 17. Bxc4 {0-1 (59) Kosintseva,N (2537)-Muzychuk,A (2580) Tbilisi 2012}) 12... Be6 13. Be3 Re8 14. h3 Kh7 15. a4 Qd7 16. axb5 axb5 17. Rxa8 Rxa8 18. Bc5 dxe4 19. Nxe4 Nd5 20. Be3 Nxe3 21. Bxe6 Qxe6 22. fxe3 Qd5 23. Qc2 Rd8 24. Nf2 b4 25. Rc1 bxc3 26. Qxc3 Na7 27. Qc4 {[#] Threatens to win with Qxd5.} ({Don't blunder} 27. Qxc7 $2 Rc8 $19) 27... c6 28. e4 Qd7 29. Qc5 Qb7 30. Rc4 Qc7 31. Ra4 Nb5 32. Rc4 {Hoping for Qxb5!} Na7 33. Ra4 Nb5 34. Rc4 {aiming for Qxb5!} Rc8 35. Ng4 {[%cal Rg4e5]} Nd6 36. Ra4 Nb7 37. Qc2 Nd8 38. Kh2 Ne6 39. Qf2 {Black must now prevent Ra7.} c5 40. Ne3 Qd7 41. Ra3 Nf4 42. Qc2 Rd8 {[%cal Rf4d3]} 43. Ne1 f5 44. Rc3 Qd4 45. Nc4 Qd7 46. Ne3 fxe4 47. dxe4 Qf7 48. Rxc5 Ne6 49. Rc3 (49. Nd5 $1 $11 {remains equal.}) 49... Nd4 $17 {[%mdl 1024] Black has strong compensation.} 50. Qb1 {[#]} (50. Qd2 $17) 50... Qf4+ $1 $19 51. Kh1 Ne2 52. Rb3 $2 (52. Ra3 {might work better.}) 52... Ng3+ 53. Kg1 Ne2+ $40 {[%mdl 128] Black is up to no good.} (53... Nxe4 $142 54. Ra3 Ng3) 54. Kh1 Ng3+ $2 (54... Rd7 55. Ra3 Ng3+ 56. Kg1 Nxe4) 55. Kg1 Nxe4 ({But not} 55... Ne2+ 56. Kh1 $19) 56. Nf3 Nc5 {Black is clearly winning.} ({Not} 56... Nd2 57. Nxd2 Rxd2 58. Qf1 $17) 57. Ra3 e4 58. Nh2 (58. Ng4 $142) 58... Bd4 59. Nhf1 Nd3 60. Rxd3 exd3 61. Qxd3 Re8 {Precision: White = 42%, Black = 55%.} 0-1

[Event "1. Bamberg-Open 2018"]
[Site "Bamberg"]
[Date "2018.05.10"]
[Round "2"]
[White "Petz, Stephan"]
[Black "Vogel, Roven"]
[Result "0-1"]
[WhiteElo "2162"]
[BlackElo "2449"]
[Annotator "TA"]
[PlyCount "98"]
[EventDate "2018.??.??"]
[EventType "swiss"]
[EventCountry "GER"]
[SourceTitle "playchess.com"]
[Source "ChessBase"]
[SourceQuality "1"]

{[%evp 17,98,-15,0,-27,-7,-28,-24,-73,-42,-70,-60,-91,-93,-147,-143,-135,-149,-149,-141,-158,-146,-156,-156,-167,-162,-198,-195,-191,-191,-200,-198,-200,-189,-347,-335,-412,-385,-406,-404,-486,-429,-463,-333,-390,-346,-364,-360,-393,-393,-458,-437,-439,-416,-431,-416,-430,-400,-452,-451,-482,-477,-455,-443,-431,-423,-670,-658,-618,-556,-817,-860,-1347,-1308,-2049,-1710,-4927,-4927,-29970,-29971,-29979,-29980,-29979,-29981]} 1. e4 {[%cal Be2e4,Be4e5][%mdl 32]} c5 2. c3 Nf6 3. e5 Nd5 4. d4 cxd4 5. Nf3 e6 6. cxd4 d6 7. exd6 Bxd6 8. Nc3 {B22: Sicilian: 2 c3} Nxc3 (8... O-O 9. Bd3 Nxc3 10. bxc3 Qc7 11. Qc2 h6 12. O-O b6 13. Bh7+ Kh8 14. Be4 Bb7 15. Bxb7 Qxb7 {0-1 (58) Radjabov,T (2710)-Matlakov,M (2694) Doha 2016}) 9. bxc3 Qc7 {LiveBook: 29 Games} 10. Qd3 {The position is equal.} Nd7 11. Be2 b6 $146 ({Predecessor:} 11... O-O 12. O-O b6 13. Bd1 Re8 14. Bc2 Nf8 15. h4 Bb7 16. Ng5 h6 {1-0 (40) Oshionwu,N (1974)-Knopf,F (1922) Naumburg 2012}) 12. Ng5 Bb7 13. Bf3 Nf6 14. Qb5+ Ke7 15. Bb2 (15. c4 $142) 15... h6 $36 {[%mdl 2048] Black has strong initiative.} 16. Bxb7 Qxb7 17. Nf3 Qe4+ 18. Qe2 Rhc8 19. Rc1 Rc7 20. Rc2 Rac8 21. O-O Qxe2 22. Rxe2 Nd5 23. Rfe1 Kf8 24. Ne5 Nxc3 25. Re3 $2 (25. Bxc3 {was the only defense.} Rxc3 26. Kf1) 25... Nxa2 $19 26. Ba3 Bxa3 27. Rxa3 Nb4 {[#] aiming for ...Nc2.} 28. Rf3 Kg8 29. g4 Nc6 30. Rd3 Nxe5 31. Rxe5 {[%mdl 4096] Endgame KRR-KRR} Rc3 32. Rd2 Rc2 33. Ree2 Rxd2 34. Rxd2 {KR-KR} Rc1+ 35. Kg2 Rb1 36. f4 Kf8 37. Rc2 a5 {[%cal Ba7a5,Ba5a4,Ba4a3][%mdl 32]} 38. Kf3 a4 39. Ke4 Re1+ 40. Kd3 b5 {[%cal Bb6b5,Bb5b4][%mdl 32]} 41. Rc7 (41. Rc8+ $142 Ke7 42. Rb8) 41... a3 42. Ra7 b4 43. Kc4 Rb1 44. Kc5 g6 45. Kd6 Re1 46. f5 gxf5 47. gxf5 exf5 {[%cal Be6f5,Bf5f4][%mdl 32] Black mates.} 48. d5 f4 49. Ra8+ Kg7 {Precision: White = 16%, Black = 89%.} 0-1

[Event "1. Bamberg-Open 2018"]
[Site "Bamberg"]
[Date "2018.05.10"]
[Round "2"]
[White "Huemmer, Bernd"]
[Black "Mazur, Stefan"]
[Result "0-1"]
[WhiteElo "2141"]
[BlackElo "2413"]
[Annotator "TA"]
[PlyCount "100"]
[EventDate "2018.??.??"]
[EventType "swiss"]
[EventCountry "GER"]
[SourceTitle "playchess.com"]
[Source "ChessBase"]
[SourceQuality "1"]

{[%evp 26,100,6,7,14,7,19,8,12,16,11,0,19,14,0,0,84,-8,0,-40,11,10,11,14,18,12,35,0,0,0,0,0,0,0,0,0,8,0,0,0,0,0,0,-50,-68,-124,-124,-194,-193,-233,-196,-326,-333,-310,-306,-267,-255,-387,-356,-360,-339,-470,-424,-517,-592,-727,-741,-822,-801,-784,-763,-603,-575,-5393,-4133,-1512,-3748]} 1. Nf3 Nf6 2. d4 d5 3. Bf4 c5 4. c3 Qb6 5. Qb3 Nc6 6. e3 c4 7. Qc2 Bf5 8. Qc1 h6 9. h3 e6 {D02: 1 d4 d5 2 Nf3 sidelines, including 2...Nf6 3 g3 and 2...Nf6 3 Bf4} 10. Nbd2 Qd8 (10... Be7 11. Be2 Qd8 12. Ne5 Nxe5 13. Bxe5 O-O 14. O-O b5 15. Re1 Ne4 16. Bf3 Ng5 17. Bd1 {½-½ (36) Stupak,K (2573)-Gelfand,B (2729) Tbilisi 2017}) 11. Be2 Bd6 12. Bxd6 Qxd6 13. b4 cxb3 14. axb3 {LiveBook: 3 Games} O-O 15. O-O Rfc8 16. Qa3 $146 ({Predecessor:} 16. Qb2 Rab8 17. b4 {½-½ (36) Stawiarski,E (2120)-Congiu,M (2134) France 2006}) 16... Qd8 17. Rfc1 a5 18. Bb5 Ne8 19. Bxc6 Rxc6 20. c4 dxc4 (20... f6 $11 {keeps the balance.}) 21. Nxc4 (21. bxc4 $16 a4 22. c5) 21... b5 22. Nfe5 Rcc8 (22... Rca6 $15 23. Nd2 Nd6) 23. Nd2 $11 Rxc1+ 24. Rxc1 Qd6 25. Rc5 Rc8 26. b4 (26. Nef3 {looks sharper.} Bd3 27. b4 axb4 28. Qxb4 Rc7 29. Qa3) 26... axb4 27. Qxb4 (27. Rxc8 $2 {loses.} bxa3 28. Rxe8+ Kh7 $19) 27... Rxc5 28. Qxc5 Qxc5 29. dxc5 {[%mdl 4096] Endgame KBN-KNN} Nc7 30. e4 Bh7 31. f3 Kf8 32. Kf2 Na6 33. Nb3 f6 34. Nc6 e5 35. Ke3 (35. Na7 $1 $15) 35... Bg8 $17 36. Nca5 (36. Na1 $17 {was necessary.}) 36... Ke7 $19 37. g3 Kd7 38. Kd3 (38. f4 $142) 38... Bxb3 39. Nxb3 {KN-KN} Kc6 40. Kc3 Nxc5 41. Nc1 (41. Nd2 $142) 41... Kb6 42. Kb4 Ne6 43. Nd3 Ng5 {Black is clearly winning.} 44. f4 exf4 45. Nxf4 Nxe4 46. Nd5+ Kc6 47. Ne7+ Kd6 48. Nf5+ Ke5 49. Nxg7 Nxg3 50. Kxb5 Kd4 {Precision: White = 30%, Black = 69%.} 0-1

[Event "1. Bamberg-Open 2018"]
[Site "Bamberg"]
[Date "2018.05.10"]
[Round "2"]
[White "Schmidt, Justus"]
[Black "Donchenko, Anatoly"]
[Result "1/2-1/2"]
[WhiteElo "2136"]
[BlackElo "2301"]
[Annotator "TA"]
[PlyCount "40"]
[EventDate "2018.??.??"]
[EventType "swiss"]
[EventCountry "GER"]
[SourceTitle "playchess.com"]
[Source "ChessBase"]
[SourceQuality "1"]

{[%evp 14,40,-8,-16,23,0,0,-14,0,0,1,0,36,0,19,-37,-4,-61,-47,-68,0,0,0,0,-4,-19,-23,-38,0]} 1. Nf3 Nf6 2. g3 b5 3. Bg2 Bb7 4. O-O e6 5. d3 c5 6. e4 d6 7. Ng5 {[%cal Bf3g5,Bg5h3,Bh3f2][%mdl 32] A05: Réti Opening: 1 Nf3 Nf6} h6 8. Nh3 {LiveBook: 8 Games} d5 $146 ({Predecessor:} 8... Nbd7 9. f4 e5 10. a4 a6 11. Qe2 Be7 12. axb5 axb5 13. Rxa8 Qxa8 14. Na3 Bc6 {½-½ (35) Mareco,S (2645)-Laxman,R (2441) Dubai 2018}) 9. f4 {White has an edge.} dxe4 10. Nf2 Qb6 11. dxe4 c4 12. Qe2 (12. e5 {keeps more tension.} Nd5 13. Nc3 Nxc3 14. bxc3 Bc5 15. a4) 12... Nbd7 13. Kh1 h5 14. Nd2 (14. a4 $11) 14... Nc5 15. Bf3 (15. a4 $11) 15... Rd8 16. e5 Bxf3+ (16... Ng4 $15) 17. Qxf3 $11 Nd5 $1 18. Nde4 Be7 19. Bd2 g6 20. h3 Rd7 {Precision: White = 23%, Black = 24%.} 1/2-1/2

[Event "1. Bamberg-Open 2018"]
[Site "Bamberg"]
[Date "2018.05.10"]
[Round "2"]
[White "Grosshans, Ralf-Michael"]
[Black "Pribyl, Josef"]
[Result "1-0"]
[WhiteElo "2119"]
[BlackElo "2268"]
[Annotator "TA"]
[PlyCount "65"]
[EventDate "2018.??.??"]
[EventType "swiss"]
[EventCountry "GER"]
[SourceTitle "playchess.com"]
[Source "ChessBase"]
[SourceQuality "1"]

{[%evp 9,65,33,95,64,67,66,61,64,68,73,142,60,81,63,58,50,58,51,54,43,72,70,70,67,81,68,83,-238,94,82,387,294,372,281,284,284,279,267,371,380,378,381,366,360,369,376,432,425,422,342,460,454,621,620,855,642,29994,29995]} 1. e4 (1. d4 g6 2. c4 Bg7 3. Nc3 c5 4. d5 e5 5. e4 d6 6. Be2 Ne7 7. h4 h5 8. Bg5 Nd7 9. Nh3 Nf6 10. f3 a6 11. Nf2 Bd7 12. a4 Nh7 13. Be3 f5 14. g3 O-O {0-1 (45) Wang,Y (2718)-Mamedov,R (2650) Huaian 2016}) 1... g6 2. d4 Bg7 3. c4 d6 4. Nc3 e5 5. d5 c5 {LiveBook: 4 Games} ({Black should play} 5... Na6 $14) 6. g4 {A44: Semi-Benoni} Na6 $146 ({Predecessor:} 6... h5 7. g5 Ne7 8. h4 O-O 9. Bh3 Nd7 10. Nge2 a6 11. a4 f5 12. Ng3 Nb6 13. Qb3 f4 14. Bxc8 Nbxc8 {1-0 (77) Singleton,M (2162)-Jaunooby,A (2207) England 2011}) 7. h4 h5 8. g5 {White is slightly better.} Nc7 9. Be3 a6 (9... Bd7 $142) 10. a4 (10. Na4 $16) 10... Rb8 11. f3 f5 12. a5 b5 13. axb6 $1 Rxb6 14. Na4 $36 {[%mdl 2048] White is pushing.} Rb8 15. Bd2 Ne7 16. Ba5 fxe4 17. fxe4 O-O 18. Nxc5 $2 {[%mdl 8192] [#]} (18. Nh3 $16) 18... Rxb2 $2 (18... dxc5 $19 19. d6 Qe8 20. Bxc7 Rxb2 21. dxe7 Qxe7) 19. Nd3 $16 Rxf1+ $2 (19... Bg4 $16 20. Be2 Bxe2 21. Nxe2 Rb8) 20. Kxf1 $18 Rb8 21. Rh2 Bg4 22. Qc1 Qd7 23. Rb1 Rxb1 24. Qxb1 Ne8 25. Qb4 Bf8 26. Ke1 Nc8 27. Kd2 Qa7 28. Ne2 Be7 29. Qb2 Nc7 30. Rf2 Na8 {[#]} 31. c5 $1 dxc5 32. Qxe5 {Intending Bc3 and mate.} c4 33. Bc3 {Precision: White = 57%, Black = 44%.} 1-0